[Event "16. Obert Int. Sant Martí 2014 Grupo B"]
[Site "Barcelona ESP"]
[Date "2014.07.13"]
[Round "1.50"]
[White "Pallares Gurrea, Aitor Alexander"]
[Black "Ferrer Ache, Jesus"]
[Result "1-0"]
[WhiteElo "1956"]
[BlackElo "1728"]
[PlyCount "69"]
[EventDate "2014.07.13"]
[EventType "swiss"]
[EventRounds "9"]
[EventCountry "ESP"]
[Source "lmi"]
[SourceDate "2014.07.13"]

1. d4 d5 2. e3 a6 3. Bd3 Nf6 4. f4 b5 5. Nf3 Nc6 6. c3 Bg4 7. O-O h6 8. Nbd2 e6
9. Qe1 Be7 10. Ne5 Qd6 11. Qg3 Rg8 12. Nxg4 Nxg4 13. Qxg4 Bf6 14. e4 dxe4 15.
Nxe4 Qe7 16. Qf3 Rb8 17. Nxf6+ gxf6 18. Qxc6+ Qd7 19. Qxd7+ Kxd7 20. a4 f5 21.
axb5 axb5 22. Be3 Rb7 23. Ra5 c6 24. Rfa1 Kc7 25. d5 exd5 26. Ra7 Rgb8 27.
Rxb7+ Rxb7 28. Ra7 Rxa7 29. Bxa7 h5 30. Bxf5 Kd6 31. Kf2 c5 32. g4 hxg4 33.
Bxg4 b4 34. h4 bxc3 35. bxc3 1-0

[Event "16. Obert Int. Sant Martí 2014 Grupo B"]
[Site "Barcelona ESP"]
[Date "2014.07.13"]
[Round "1.51"]
[White "Marabajan Navas, Saul"]
[Black "Calafell Marques, Josep"]
[Result "0-1"]
[WhiteElo "1723"]
[BlackElo "1950"]
[PlyCount "62"]
[EventDate "2014.07.13"]
[EventType "swiss"]
[EventRounds "9"]
[EventCountry "ESP"]
[Source "lmi"]
[SourceDate "2014.07.13"]

1. e4 c5 2. Nf3 d6 3. Nc3 Nf6 4. Bc4 e6 5. O-O Nc6 6. d3 Be7 7. Be3 O-O 8. Qd2
Na5 9. Rae1 Nxc4 10. dxc4 Qb6 11. b3 Ng4 12. Bf4 Rd8 13. h3 Ne5 14. Nxe5 dxe5
15. Qe3 exf4 16. Qxf4 Bd7 17. Re3 Qd6 18. e5 Qd2 19. Ne4 Qxc2 20. Rg3 Be8 21.
Qh6 Bf8 22. f3 Kh8 23. Rf2 Qxf2+ 24. Nxf2 gxh6 25. Ne4 Be7 26. f4 Bc6 27. Nf6
Bxf6 28. exf6 Rd1+ 29. Kf2 Rd2+ 30. Ke3 Rad8 31. Rg7 R8d3# 0-1

[Event "16. Obert Int. Sant Martí 2014 Grupo B"]
[Site "Barcelona ESP"]
[Date "2014.07.13"]
[Round "1.52"]
[White "Garcia Punzano, Josep Lluis"]
[Black "Doménech López, Laura"]
[Result "1-0"]
[WhiteElo "1950"]
[BlackElo "1721"]
[PlyCount "67"]
[EventDate "2014.07.13"]
[EventType "swiss"]
[EventRounds "9"]
[EventCountry "ESP"]
[Source "lmi"]
[SourceDate "2014.07.13"]

1. d4 Nf6 2. Nf3 g6 3. Bf4 Bg7 4. e3 O-O 5. Nbd2 d6 6. c3 Bg4 7. Qb3 b6 8. Bc4
Bxf3 9. Nxf3 Ne4 10. Bd5 c6 11. Bxe4 d5 12. Bd3 Nd7 13. Ba6 c5 14. Bb7 c4 15.
Qc2 a5 16. Bxa8 Qxa8 17. O-O b5 18. Rfe1 b4 19. Qa4 Nb6 20. Qb5 Qa7 21. cxb4 a4
22. Ne5 Rc8 23. Nc6 Qb7 24. Nxe7+ Qxe7 25. Qxb6 a3 26. bxa3 Qe4 27. Qb7 Rd8 28.
Rac1 Qd3 29. Bc7 Rd7 30. Qc8+ Bf8 31. Qxd7 Qxa3 32. Bd6 Qxa2 33. Qe8 Kg7 34.
Qxf8+ 1-0

[Event "16. Obert Int. Sant Martí 2014 Grupo B"]
[Site "Barcelona ESP"]
[Date "2014.07.13"]
[Round "1.53"]
[White "Izquierdo Pujol, Pol"]
[Black "Escofet Llongueras, Joan"]
[Result "0-1"]
[WhiteElo "1721"]
[BlackElo "1947"]
[PlyCount "66"]
[EventDate "2014.07.13"]
[EventType "swiss"]
[EventRounds "9"]
[EventCountry "ESP"]
[Source "lmi"]
[SourceDate "2014.07.13"]

1. e4 e6 2. d4 d5 3. e5 c5 4. c3 Nc6 5. Nf3 Qb6 6. Be2 Bd7 7. O-O f5 8. b3 Rc8
9. Be3 a6 10. c4 cxd4 11. Bxd4 Nxd4 12. Nxd4 Bc5 13. Nf3 Ne7 14. cxd5 Nxd5 15.
Nbd2 O-O 16. Nc4 Qd8 17. Rc1 Bc6 18. Nd4 Re8 19. f4 b5 20. Na5 Bxd4+ 21. Qxd4
Qxa5 22. g4 Qb6 23. Qxb6 Nxb6 24. gxf5 exf5 25. Rce1 Be4 26. Kf2 Rc2 27. Ke3
Nd5+ 28. Kd4 Rd8 29. Bf3 Nxf4+ 30. Ke3 Ng2+ 31. Bxg2 Rxg2 32. Re2 Rxe2+ 33.
Kxe2 Bd3+ 0-1

[Event "16. Obert Int. Sant Martí 2014 Grupo B"]
[Site "Barcelona ESP"]
[Date "2014.07.13"]
[Round "1.54"]
[White "Perez Garcia, Jose Miguel"]
[Black "Jimenez Rimblas, Raul"]
[Result "1-0"]
[WhiteElo "1945"]
[BlackElo "1706"]
[PlyCount "63"]
[EventDate "2014.07.13"]
[EventType "swiss"]
[EventRounds "9"]
[EventCountry "ESP"]
[Source "lmi"]
[SourceDate "2014.07.13"]

1. f4 d5 2. d4 e6 3. Nf3 Bd6 4. e3 Nf6 5. Bd3 h6 6. Nbd2 Bd7 7. O-O O-O 8. c3
c5 9. Ne5 Nc6 10. Qe2 cxd4 11. exd4 Rc8 12. Ndf3 Nxe5 13. fxe5 Ne4 14. exd6 Qe8
15. Bxe4 dxe4 16. Qxe4 Bc6 17. Qg4 f5 18. Qg3 Rf6 19. Ne5 Bd5 20. d7 Qd8 21.
dxc8=Q Qxc8 22. Rf4 g5 23. h4 g4 24. Nxg4 Rg6 25. Nxh6+ Kh7 26. Ng4 fxg4 27.
Rxg4 Rxg4 28. Qxg4 Qf8 29. Qh5+ Kg8 30. Qg6+ Qg7 31. Qxg7+ Kxg7 32. Bf4 1-0

[Event "16. Obert Int. Sant Martí 2014 Grupo B"]
[Site "Barcelona ESP"]
[Date "2014.07.13"]
[Round "1.55"]
[White "Marcelo, Diego Luis"]
[Black "Volart Buil, Jordi"]
[Result "0-1"]
[WhiteElo "1706"]
[BlackElo "1943"]
[PlyCount "68"]
[EventDate "2014.07.13"]
[EventType "swiss"]
[EventRounds "9"]
[EventCountry "ESP"]
[Source "lmi"]
[SourceDate "2014.07.13"]

1. e4 c5 2. Nc3 b6 3. d3 Bb7 4. Nf3 a6 5. Be3 e6 6. Be2 Qc7 7. O-O Nf6 8. h3
Be7 9. Qc1 d5 10. Bf4 Qc8 11. Qd2 Nbd7 12. Ng5 e5 13. Bg3 h6 14. Nf3 Bd6 15.
exd5 Nxd5 16. Nxd5 Bxd5 17. c4 Be6 18. Rac1 O-O 19. Rc3 Qc7 20. Rb3 f5 21. Qc1
f4 22. Bh4 g5 23. Bxg5 hxg5 24. Nxg5 Rf6 25. Bh5 Nf8 26. Bf3 Rd8 27. Qc2 Rg6
28. Ne4 Bxh3 29. Bh5 Rg7 30. Nf6+ Kh8 31. d4 cxd4 32. Rxh3 Nh7 33. Bg6 Qb7 34.
Bxh7 Qxg2# 0-1

[Event "16. Obert Int. Sant Martí 2014 Grupo B"]
[Site "Barcelona ESP"]
[Date "2014.07.13"]
[Round "1.56"]
[White "Tortosa Moros, Joan"]
[Black "Avila Lopez, Joan"]
[Result "1-0"]
[WhiteElo "1941"]
[BlackElo "1704"]
[PlyCount "65"]
[EventDate "2014.07.13"]
[EventType "swiss"]
[EventRounds "9"]
[EventCountry "ESP"]
[Source "lmi"]
[SourceDate "2014.07.13"]

1. e4 e5 2. Nf3 Nc6 3. Bb5 Bc5 4. O-O d6 5. c3 Nf6 6. d4 a6 7. Bxc6+ bxc6 8.
dxc5 dxc5 9. Qxd8+ Kxd8 10. Nxe5 Be6 11. Rd1+ Kc8 12. f3 Kb7 13. Be3 Rhd8 14.
Na3 Nd7 15. Nxd7 Bxd7 16. Bxc5 Be6 17. Nc2 Rxd1+ 18. Rxd1 Bxa2 19. Nd4 Rd8 20.
Ra1 Bc4 21. Ra4 Bb5 22. Rb4 a5 23. Rb3 Ka6 24. Ra3 g6 25. b4 a4 26. c4 Bxc4 27.
Rxa4+ Kb7 28. Ra7+ Kc8 29. Ra8+ Kd7 30. Rxd8+ Kxd8 31. Nxc6+ Kc8 32. Kf2 Kb7
33. Na5+ 1-0

[Event "16. Obert Int. Sant Martí 2014 Grupo B"]
[Site "Barcelona ESP"]
[Date "2014.07.13"]
[Round "1.57"]
[White "Acriz Ibañez, Salvador"]
[Black "Romero Funieles, Rafael De Jesus"]
[Result "0-1"]
[WhiteElo "1700"]
[BlackElo "1939"]
[PlyCount "70"]
[EventDate "2014.07.13"]
[EventType "swiss"]
[EventRounds "9"]
[EventCountry "ESP"]
[Source "lmi"]
[SourceDate "2014.07.13"]

1. Nf3 e6 2. d4 Nf6 3. Nc3 Be7 4. e4 O-O 5. Bd3 c5 6. O-O cxd4 7. Nxd4 e5 8.
Nf5 d6 9. Nxe7+ Qxe7 10. Bg5 Be6 11. f4 exf4 12. Rxf4 Qd8 13. Nd5 Bxd5 14. exd5
Qb6+ 15. Kh1 Nfd7 16. Rh4 g6 17. Bh6 Re8 18. b3 Na6 19. a3 Nac5 20. Bc4 Ne4 21.
Rf4 Nf2+ 22. Rxf2 Qxf2 23. h3 Re5 24. Bb5 Nc5 25. Qf1 Qxf1+ 26. Rxf1 a6 27. Bc4
b5 28. b4 bxc4 29. bxc5 dxc5 30. Rd1 Re4 31. c3 f6 32. Bc1 Rd8 33. a4 Rd7 34.
Ba3 Re3 35. Bxc5 Rd3 0-1

[Event "16. Obert Int. Sant Martí 2014 Grupo B"]
[Site "Barcelona ESP"]
[Date "2014.07.13"]
[Round "1.58"]
[White "Baltasar Diaz, Vicente"]
[Black "Bernat Mor, Juli"]
[Result "1-0"]
[WhiteElo "1932"]
[BlackElo "1700"]
[PlyCount "111"]
[EventDate "2014.07.13"]
[EventType "swiss"]
[EventRounds "9"]
[EventCountry "ESP"]
[Source "lmi"]
[SourceDate "2014.07.13"]

1. e4 c6 2. d4 d5 3. e5 Bf5 4. h4 h6 5. g4 Be6 6. h5 Qb6 7. Nh3 Na6 8. Nf4 Bd7
9. e6 Bxe6 10. Nxe6 fxe6 11. Bd3 O-O-O 12. Qe2 Nc7 13. c3 a6 14. Nd2 g5 15.
hxg6 Bg7 16. Nb3 Nf6 17. Nc5 Rde8 18. Nxe6 Nxe6 19. Qxe6+ Kb8 20. Rb1 Qd8 21.
Bf4+ Ka7 22. Bf5 h5 23. g5 Ne4 24. Bxe4 dxe4 25. Qxe4 Qd5 26. Qxd5 cxd5 27. Kd2
Ref8 28. Bg3 Rf5 29. f4 h4 30. Bxh4 Rxf4 31. Bg3 Rxh1 32. Rxh1 Rf8 33. Re1 Rf3
34. Be5 Rf5 35. Bxg7 Rxg5 36. Re6 Kb8 37. Be5+ Kc8 38. g7 Kd7 39. Rh6 Ke8 40.
Rh8+ Kf7 41. Rf8+ Ke6 42. g8=Q+ Rxg8 43. Rxg8 Kd7 44. Rg6 a5 45. Kc2 a4 46. b3
axb3+ 47. Kxb3 b5 48. Kb4 Ke8 49. Kxb5 Kf7 50. Rc6 Ke8 51. a4 Kd7 52. a5 Ke8
53. a6 Kd8 54. a7 Kd7 55. a8=Q e6 56. Rc7# 1-0

[Event "16. Obert Int. Sant Martí 2014 Grupo B"]
[Site "Barcelona ESP"]
[Date "2014.07.13"]
[Round "1.59"]
[White "Cervera Lopez, Miguel"]
[Black "Ji, Pablo"]
[Result "0-1"]
[WhiteElo "1700"]
[BlackElo "1931"]
[PlyCount "122"]
[EventDate "2014.07.13"]
[EventType "swiss"]
[EventRounds "9"]
[EventCountry "ESP"]
[Source "lmi"]
[SourceDate "2014.07.13"]

1. d4 d5 2. Nc3 Nf6 3. e3 e6 4. Bd3 c6 5. Bd2 Bd6 6. Nf3 O-O 7. Ne5 Nbd7 8. Ng4
a6 9. Qf3 Nxg4 10. Qxg4 e5 11. Qg3 Qe7 12. Qh3 Nf6 13. Qh4 exd4 14. Qxd4 Re8
15. Qh4 h6 16. O-O Qc7 17. Ne2 Ne4 18. Bxe4 Rxe4 19. f4 f5 20. a4 Bc5 21. Qg3
Qe7 22. Rf3 Bd7 23. Nc3 Re6 24. Kf1 Rd8 25. Rd1 Be8 26. Qh3 Bg6 27. Be1 Qe8 28.
Rd3 Bh5 29. Rg3 Bg4 30. Rxg4 fxg4 31. Qxg4 Rxe3 32. Bh4 Rb8 33. Rd1 Bd6 34. Bf2
Re7 35. f5 Qd7 36. Qh3 Rf7 37. g4 Re8 38. Kg2 Be5 39. Ne4 Bxb2 40. Ng3 d4 41.
Rd3 Qd5+ 42. Kf1 Qc4 43. Nh5 Qxc2 44. Qf3 Re3 45. Rxe3 dxe3 46. Qxe3 Qc1+ 47.
Qxc1 Bxc1 48. Bb6 g6 49. Ng3 gxf5 50. Nxf5 Kh7 51. Ke2 Bf4 52. h3 Bc7 53. Be3
h5 54. Kf3 b5 55. axb5 cxb5 56. Ke4 hxg4 57. hxg4 Rf8 58. g5 Re8+ 59. Kf3 b4
60. Bd4 b3 61. Bb2 Be5 0-1

[Event "16. Obert Int. Sant Martí 2014 Grupo B"]
[Site "Barcelona ESP"]
[Date "2014.07.13"]
[Round "1.60"]
[White "Martinez Ferrer, Rafael"]
[Black "Garcia Hernandez, Jose Luis"]
[Result "1-0"]
[WhiteElo "1931"]
[BlackElo "1700"]
[PlyCount "51"]
[EventDate "2014.07.13"]
[EventType "swiss"]
[EventRounds "9"]
[EventCountry "ESP"]
[Source "lmi"]
[SourceDate "2014.07.13"]

1. e4 e5 2. Nf3 Nc6 3. Bb5 Nf6 4. O-O d6 5. Re1 Bd7 6. c3 a6 7. Ba4 b5 8. Bb3
Na5 9. Bc2 Be7 10. h3 O-O 11. d4 Nc6 12. d5 Na5 13. Nbd2 c6 14. Nf1 Qc8 15. Ng3
h6 16. Qd3 Rb8 17. Nh4 Nh5 18. Nhf5 Bxf5 19. Nxf5 Qd7 20. b4 Nc4 21. dxc6 Qc7
22. Bb3 Nb6 23. Qf3 Nf6 24. Qg3 Nh5 25. Qg4 g6 26. Qxg6+ 1-0

[Event "16. Obert Int. Sant Martí 2014 Grupo B"]
[Site "Barcelona ESP"]
[Date "2014.07.13"]
[Round "1.61"]
[White "Gomez Albamonte, Sonia"]
[Black "Salazar Navas, Josep"]
[Result "0-1"]
[WhiteElo "1700"]
[BlackElo "1927"]
[PlyCount "74"]
[EventDate "2014.07.13"]
[EventType "swiss"]
[EventRounds "9"]
[EventCountry "ESP"]
[Source "lmi"]
[SourceDate "2014.07.13"]

1. c4 e5 2. Nc3 Nc6 3. d3 g6 4. g3 Bg7 5. Bg2 d6 6. Nf3 h6 7. e3 Be6 8. a3 Qd7
9. Nd5 Nd8 10. Qc2 c6 11. Nc3 Bh3 12. Bf1 Bxf1 13. Rxf1 Ne7 14. Ng1 O-O 15. Bd2
Ne6 16. O-O-O b5 17. Na2 a5 18. cxb5 cxb5 19. Kb1 Rfc8 20. Qb3 Nc5 21. Qc2 Nd5
22. d4 exd4 23. exd4 Bxd4 24. Bxh6 Ne6 25. Qe4 Qc6 26. Rxd4 Nxd4 27. Qxd4 f6
28. Rd1 Qc2+ 29. Ka1 Ne7 30. Qxd6 Nf5 31. Qd5+ Kh7 32. Bf4 g5 33. Qf7+ Ng7 34.
Be3 Qxd1+ 35. Bc1 Rxc1+ 36. Nxc1 Qxc1+ 37. Ka2 Qc4+ 0-1

[Event "16. Obert Int. Sant Martí 2014 Grupo B"]
[Site "Barcelona ESP"]
[Date "2014.07.13"]
[Round "1.62"]
[White "Roche Peris, Eduard"]
[Black "Marquez Ramos, Ingrid"]
[Result "1-0"]
[WhiteElo "1925"]
[BlackElo "1700"]
[PlyCount "43"]
[EventDate "2014.07.13"]
[EventType "swiss"]
[EventRounds "9"]
[EventCountry "ESP"]
[Source "lmi"]
[SourceDate "2014.07.13"]

1. e4 e5 2. Nf3 Nc6 3. Bc4 Nf6 4. Ng5 Nxe4 5. Bxf7+ Ke7 6. d3 Nd6 7. Bb3 h6 8.
Nc3 hxg5 9. Bxg5+ Ke8 10. Bxd8 Nxd8 11. Qg4 Rh6 12. O-O-O g6 13. Rde1 Rh7 14.
Qxg6+ N6f7 15. Qxh7 Ng5 16. Rxe5+ Nde6 17. Rxg5 Nxg5 18. Re1+ Ne6 19. Qg6+ Ke7
20. Nd5+ Kd8 21. Qf6+ Ke8 22. Nxc7# 1-0

[Event "16. Obert Int. Sant Martí 2014 Grupo B"]
[Site "Barcelona ESP"]
[Date "2014.07.13"]
[Round "1.63"]
[White "Martimpé Burgués, Xavier"]
[Black "Arroyo Morales, Jaime"]
[Result "0-1"]
[WhiteElo "1700"]
[BlackElo "1923"]
[PlyCount "163"]
[EventDate "2014.07.13"]
[EventType "swiss"]
[EventRounds "9"]
[EventCountry "ESP"]
[Source "lmi"]
[SourceDate "2014.07.13"]

1. e4 c5 2. Bc4 d6 3. Nc3 Nf6 4. h3 a6 5. d3 Nc6 6. Nf3 b5 7. Bd5 Nxd5 8. exd5
Nb8 9. O-O b4 10. Ne4 Bb7 11. c4 bxc3 12. Nxc3 Nd7 13. Qb3 Qb6 14. Qc4 Qb4 15.
a3 Qxc4 16. dxc4 g6 17. Bf4 Bg7 18. Rfe1 Bxc3 19. bxc3 Ne5 20. Bxe5 dxe5 21.
Nxe5 a5 22. Nd3 Ba6 23. Re4 f5 24. Re3 Bxc4 25. Nxc5 Bxd5 26. Ne6 Bxe6 27. Rxe6
Kd7 28. Rb6 Rhc8 29. Rd1+ Ke8 30. Rd3 Rcb8 31. Rc6 Ra7 32. a4 Rd8 33. Re3 Rd1+
34. Kh2 Rd2 35. f4 Ra2 36. Rc4 Rd7 37. Rd4 Rxd4 38. cxd4 Rxa4 39. Rd3 Kd7 40.
Kg3 Kd6 41. d5 Rc4 42. Kf3 Rc5 43. g4 Rxd5 44. Ra3 e6 45. Ke3 fxg4 46. hxg4 Kc6
47. g5 Kb6 48. Ke4 Rb5 49. Kd4 Rd5+ 50. Kc4 Rf5 51. Rf3 Kc6 52. Kb3 Kb5 53. Ka3
a4 54. Rf1 Rf7 55. Rf2 Ka5 56. Rf1 Rd7 57. Re1 Rd3+ 58. Ka2 Rf3 59. Re4 Kb5 60.
Rd4 Re3 61. Rd7 Rh3 62. Re7 Rh4 63. Rf7 Kc5 64. Ka3 Kd6 65. Kxa4 e5 66. Rf6+
Ke7 67. Kb3 exf4 68. Kc3 Rg4 69. Kd3 Rxg5 70. Rxf4 Re5 71. Rh4 h5 72. Rh1 Kf6
73. Rf1+ Rf5 74. Ke2 Rxf1 75. Kxf1 Kf5 76. Kg2 g5 77. Kg3 Ke4 78. Kh3 Kf3 79.
Kh2 Kf2 80. Kh3 g4+ 81. Kh2 g3+ 82. Kh1 0-1

[Event "16. Obert Int. Sant Martí 2014 Grupo B"]
[Site "Barcelona ESP"]
[Date "2014.07.13"]
[Round "1.64"]
[White "Clifford, Neil"]
[Black "Orts Gonzalez, Rafael"]
[Result "1-0"]
[WhiteElo "1923"]
[BlackElo "1700"]
[PlyCount "31"]
[EventDate "2014.07.13"]
[EventType "swiss"]
[EventRounds "9"]
[EventCountry "ESP"]
[Source "lmi"]
[SourceDate "2014.07.13"]

1. e4 g6 2. d4 d5 3. exd5 Qxd5 4. Nc3 Qe6+ 5. Be2 Qf6 6. Nf3 h6 7. Nd5 Qc6 8.
Bb5 Bd7 9. Bxc6 Nxc6 10. Nxc7+ Kd8 11. Nxa8 Bg7 12. c3 g5 13. Be3 Kc8 14. d5
Na5 15. Bxa7 Bf8 16. Nb6+ 1-0

[Event "16. Obert Int. Sant Martí 2014 Grupo B"]
[Site "Barcelona ESP"]
[Date "2014.07.13"]
[Round "1.65"]
[White "Ramos Fernández, Pilar"]
[Black "Fuentes Barrientos, Carlos"]
[Result "0-1"]
[WhiteElo "1700"]
[BlackElo "1915"]
[PlyCount "104"]
[EventDate "2014.07.13"]
[EventType "swiss"]
[EventRounds "9"]
[EventCountry "ESP"]
[Source "lmi"]
[SourceDate "2014.07.13"]

1. e4 e5 2. Nf3 Nc6 3. Bb5 Nf6 4. O-O Nxe4 5. Re1 Nd6 6. Rxe5+ Nxe5 7. Nxe5 Be7
8. Be2 O-O 9. d4 Nf5 10. c3 d6 11. Nf3 Re8 12. Nbd2 d5 13. Bb5 c6 14. Ba4 Qc7
15. Nf1 Bd6 16. Ng5 h6 17. Nf3 Re6 18. b4 Rg6 19. g3 Bd7 20. Qe2 Re8 21. Qd3
Re4 22. N1d2 Reg4 23. Kf1 Bxg3 24. hxg3 Nxg3+ 25. Ke1 Nh1 26. Qf1 Ng3 27. fxg3
Qxg3+ 28. Kd1 Bf5 29. Ne5 Rf4 30. Nef3 Rxf3 31. Nxf3 Bg4 32. Kd2 Bxf3 33. Kc2
Rf6 34. Qd3 Be4 35. Qxe4 Rf2+ 36. Kb3 dxe4 37. Bb2 b5 38. Rc1 Qd3 39. Ka3 Qh3
40. Bc2 Qc8 41. Ba1 Qa6+ 42. Kb2 e3 43. Re1 Qa4 44. Rc1 Rd2 45. Kb1 Rxc2 46.
Rxc2 e2 47. Rxe2 Qd1+ 48. Kb2 Qxe2+ 49. Kb1 Qd1+ 50. Kb2 Qxa1+ 51. Kxa1 h5 52.
Kb2 h4 0-1

[Event "16. Obert Int. Sant Martí 2014 Grupo B"]
[Site "Barcelona ESP"]
[Date "2014.07.13"]
[Round "1.66"]
[White "Subirana Santos, Marc"]
[Black "Sanz Ogaya, Mario"]
[Result "1/2-1/2"]
[WhiteElo "1912"]
[BlackElo "1700"]
[PlyCount "129"]
[EventDate "2014.07.13"]
[EventType "swiss"]
[EventRounds "9"]
[EventCountry "ESP"]
[Source "lmi"]
[SourceDate "2014.07.13"]

1. c4 Nf6 2. g3 g6 3. Bg2 Bg7 4. Nc3 O-O 5. d3 d6 6. Nf3 Nc6 7. O-O e5 8. e4
Bg4 9. h3 Bd7 10. a3 a5 11. Bd2 Qc8 12. Kh2 Kh8 13. Qc1 Ng8 14. Nd5 f5 15. c5
Nf6 16. Nxf6 Rxf6 17. Bg5 Rf7 18. cxd6 cxd6 19. Bh6 Qf8 20. Bxg7+ Kxg7 21. Ng5
Rf6 22. f4 Rc8 23. Qd2 Nd4 24. Rac1 Bc6 25. Qe3 h6 26. Nf3 Nxf3+ 27. Rxf3 Re8
28. Rff1 Kh7 29. Qb6 exf4 30. Rxf4 Re5 31. d4 Rb5 32. Qa7 Rf7 33. d5 Be8 34.
Qd4 fxe4 35. Rxe4 Rf2 36. Rc7+ Rf7 37. Rc2 Bd7 38. Rce2 Qg7 39. Qxg7+ Kxg7 40.
Re7 Rc5 41. Rxf7+ Kxf7 42. Rf2+ Kg7 43. g4 Rc1 44. Bf3 Bb5 45. h4 Rf1 46. Rxf1
Bxf1 47. Kg3 Kf6 48. Kf4 g5+ 49. hxg5+ hxg5+ 50. Ke3 Ke5 51. b3 a4 52. bxa4 Bc4
53. a5 Bxd5 54. Be2 Be6 55. a6 bxa6 56. Bxa6 Bxg4 57. Bb7 Bd7 58. Kf3 d5 59.
Kg3 Kd4 60. a4 g4 61. a5 Kc5 62. a6 Bc6 63. Kxg4 Kb6 64. Bxc6 Kxc6 65. Kf4
1/2-1/2

[Event "16. Obert Int. Sant Martí 2014 Grupo B"]
[Site "Barcelona ESP"]
[Date "2014.07.13"]
[Round "1.67"]
[White "Perez Ramirez, Placido"]
[Black "Pascual Gonzalez-Novelles, Carles"]
[Result "0-1"]
[WhiteElo "1800"]
[BlackElo "2010"]
[PlyCount "74"]
[EventDate "2014.07.13"]
[EventType "swiss"]
[EventRounds "9"]
[EventCountry "ESP"]
[Source "lmi"]
[SourceDate "2014.07.13"]

1. e4 e6 2. d4 d5 3. e5 c5 4. c3 Nc6 5. Nf3 Qb6 6. a3 cxd4 7. cxd4 Nh6 8. Be2
Nf5 9. O-O Nfxd4 10. Nxd4 Nxd4 11. Nc3 Bd7 12. Rb1 Bc5 13. Na4 Nxe2+ 14. Kh1
Bxa4 15. Qxe2 Bb5 16. Qe1 Bxf1 17. Qxf1 Bxf2 18. Qe2 Rc8 19. Bf4 Rc4 20. g3 O-O
21. Rf1 Bd4 22. b4 Qc6 23. h4 Rc2 24. Qg4 f5 25. exf6 Bxf6 26. h5 d4+ 27. Rf3
Rf2 28. Kg1 Qxf3 29. Qxe6+ Kh8 30. Qh3 Be5 31. h6 Bxf4 32. hxg7+ Kxg7 33. Qd7+
Kg8 34. Qe6+ Kh8 35. Qh3 Qd1+ 36. Kxf2 Be3+ 37. Kg2 Rf2# 0-1

[Event "16. Obert Int. Sant Martí 2014 Grupo B"]
[Site "Barcelona ESP"]
[Date "2014.07.13"]
[Round "1.68"]
[White "Tordera Jumilla, Joaquim"]
[Black "Llopis Jordan, Lluis"]
[Result "0-1"]
[WhiteElo "1700"]
[BlackElo "1908"]
[PlyCount "116"]
[EventDate "2014.07.13"]
[EventType "swiss"]
[EventRounds "9"]
[EventCountry "ESP"]
[Source "lmi"]
[SourceDate "2014.07.13"]

1. e4 c6 2. Nf3 d5 3. Nc3 dxe4 4. Nxe4 Bf5 5. d3 Nd7 6. Be3 Ngf6 7. Nxf6+ Nxf6
8. h3 e6 9. a3 Nd5 10. Qd2 Be7 11. Bg5 Qb6 12. c3 O-O-O 13. c4 Nf6 14. Ne5 Rhf8
15. Be3 Qc7 16. d4 c5 17. Nf3 cxd4 18. Nxd4 a6 19. Rc1 e5 20. Bd3 Bxd3 21. Qxd3
exd4 22. Bxd4 Bc5 23. Qf5+ Nd7 24. Bxc5 Qxc5 25. Qxc5+ Nxc5 26. O-O Rd2 27.
Rfe1 Rxb2 28. Re5 b6 29. Rd1 Rb3 30. Ra1 Ne6 31. a4 a5 32. Rd1 Rd8 33. Red5
Rxd5 34. Rxd5 Rb4 35. f4 Rxc4 36. f5 Nc5 37. Re5 Re4 38. Rxe4 Nxe4 39. g4 Nc3
40. Kf2 Nxa4 41. Ke2 Nc5 42. Kd2 a4 43. Kc2 b5 44. Kb1 b4 45. h4 a3 46. Ka2 Na4
47. f6 gxf6 48. g5 Nc3+ 49. Kb3 a2 50. Kb2 b3 51. gxf6 Kc7 52. h5 Kc6 53. h6
Kc5 54. Ka1 Kb4 55. Kb2 Nb5 56. Ka1 Na3 57. Kb2 Nc2 58. Kc1 a1=Q+ 0-1

[Event "16. Obert Int. Sant Martí 2014 Grupo B"]
[Site "Barcelona ESP"]
[Date "2014.07.13"]
[Round "1.69"]
[White "Flores Mendoza, Jose Antonio"]
[Black "Trabado Nieto, David"]
[Result "1-0"]
[WhiteElo "1905"]
[BlackElo "1700"]
[PlyCount "55"]
[EventDate "2014.07.13"]
[EventType "swiss"]
[EventRounds "9"]
[EventCountry "ESP"]
[Source "lmi"]
[SourceDate "2014.07.13"]

1. d4 d5 2. c4 c6 3. Nc3 Bf5 4. Bf4 e6 5. e3 Bb4 6. Nf3 Nf6 7. Qb3 Na6 8. a3
Bxc3+ 9. bxc3 Qc7 10. Bxc7 Nd7 11. Bd6 b5 12. cxb5 Rb8 13. Bxb8 Naxb8 14. bxc6
Nb6 15. c7 N8d7 16. Bb5 O-O 17. Bxd7 Nxd7 18. Qb7 e5 19. Qxd5 Be6 20. Qa5 Nf6
21. Qxa7 Nd5 22. c4 Nc3 23. d5 Bxd5 24. cxd5 Nxd5 25. O-O Rc8 26. Rfd1 Rxc7 27.
Qxc7 Kf8 28. Qd8# 1-0

[Event "16. Obert Int. Sant Martí 2014 Grupo B"]
[Site "Barcelona ESP"]
[Date "2014.07.13"]
[Round "1.70"]
[White "Baum, Jonasz"]
[Black "Muratet Carmona, Alexandra"]
[Result "1-0"]
[WhiteElo "1632"]
[BlackElo "1901"]
[PlyCount "49"]
[EventDate "2014.07.13"]
[EventType "swiss"]
[EventRounds "9"]
[EventCountry "ESP"]
[Source "lmi"]
[SourceDate "2014.07.13"]

1. e4 c5 2. Nf3 Nc6 3. d4 cxd4 4. Nxd4 e6 5. Nc3 a6 6. Be3 Qc7 7. Be2 Nf6 8.
O-O Bb4 9. Bd3 Bxc3 10. bxc3 d5 11. Nxc6 bxc6 12. exd5 cxd5 13. Bd4 Qe7 14. Re1
O-O 15. Re3 h6 16. f4 Re8 17. Rg3 e5 18. Bxe5 Ng4 19. Rxg4 Bxg4 20. Qxg4 g6 21.
Bxg6 f6 22. Bxe8+ Qg7 23. Qe6+ Kh7 24. Qf5+ Kg8 25. Bxf6 1-0

[Event "16. Obert Int. Sant Martí 2014 Grupo B"]
[Site "Barcelona ESP"]
[Date "2014.07.13"]
[Round "1.71"]
[White "Albert Estebanez, Carlos"]
[Black "Laszczak, Przemyslaw"]
[Result "0-1"]
[WhiteElo "1890"]
[BlackElo "1610"]
[PlyCount "46"]
[EventDate "2014.07.13"]
[EventType "swiss"]
[EventRounds "9"]
[EventCountry "ESP"]
[Source "lmi"]
[SourceDate "2014.07.13"]

1. e4 c6 2. d4 d5 3. exd5 cxd5 4. Bf4 Nc6 5. Nf3 Qb6 6. b3 Nf6 7. Be2 g6 8. O-O
Bg7 9. c4 Bg4 10. Nc3 Rd8 11. Na4 Qa5 12. Nc5 Qb6 13. a3 dxc4 14. bxc4 Nxd4 15.
Nxd4 Qxc5 16. Bxg4 Rxd4 17. Qa4+ b5 18. Qa5 Rxf4 19. Rad1 O-O 20. Bf3 Rxc4 21.
Be2 Ra4 22. Qxb5 Qxb5 23. Bxb5 Rxa3 0-1